000
00199nam a22000857a 4500
001
1238846
005
20251006124939.0
245
_a
HAYAT REHBERİ HADİSLER
_c
RAMAZAN SÖNMEZ
260
_b
HÜNER YAYINEVİ
999
_c
1238846
_d
1238846